| 000 | 00586nam a22001937a 4500 | ||
|---|---|---|---|
| 003 | OSt | ||
| 005 | 20221026144800.0 | ||
| 008 | 180316b xxu||||| |||| 00| 0 fre d | ||
| 040 | _aLB-BrCRDP | ||
| 082 | _a371.302.8 M433p | ||
| 100 | _aMatray, François | ||
| 245 |
_aPédagogie de l'enseignement technique / _cFrançois Matray |
||
| 260 |
_aParis _bPresses Universitaires de France _c1952 |
||
| 300 |
_a147p _c19cm |
||
| 500 | _aNouvelle Encyclopédie Pédagogique | ||
| 650 | _aÉcoles professionnelles | ||
| 650 | _aEnseignement technique -- Pédagogie France | ||
| 942 |
_2ddc _cBK |
||
| 999 |
_c18921 _d18921 |
||